00159nam a22000857a 4500082001100000100001200011245002400023260001800047300000800065 a297QUR aQurshi  aFrom maraj to domes aKarachic1983 a283